000 00456nam a2200181Ia 4500
001 10237
005 20260306161817.0
008 260306t1983||||xx |||||||||||||| ||spa||
041 _aESP
082 _a909.8
_bC28
100 _aCarr, E. H.
_eAUT
245 0 _aDe Napoleón a Stalin:
_by otros estudios de historia contemporánea
260 _c1983
300 _a328 páginas :
_c20 cm.
650 _aGEN
654 _aCHU
942 _cLIB
_dJUS
_fJUS
_2ddc
_n
999 _c10237
_d10237